| 000 | 00494nam a2200193 a 4500 | ||
|---|---|---|---|
| 005 | 20140310183631.0 | ||
| 008 | 000526s19uu xx 00 eng d | ||
| 020 | _a0553213342 | ||
| 050 |
_aPZ 7 _b.Au355 2004 |
||
| 100 | _aAusten, Jane | ||
| 245 |
_aPride and prejudice / _cJane Austen. |
||
| 260 |
_aNew York : _bBantam Books, _c2004. |
||
| 300 |
_a295 p. : _c18 cm. |
||
| 440 | _aA Bantam Classic | ||
| 650 | _aFiction | ||
| 650 | _aLove stories | ||
| 942 |
_cBK _2lcc |
||
| 999 |
_c25612 _d25612 |
||